00205nam a22000977a 4500003000400000082001700004100002000021245002300041260003500064300000800099SGT a616.85bH09G aGOTLIB, IAN H.  aHB. OF DEPRESSION  aNEW YORK bTHE GUILFORD c2009 a708